[Event "Voronezh Petrovsky op"]
[Site "Voronezh"]
[Date "2022.06.13"]
[Round "5"]
[White "Gukhman, Sergey"]
[Black "Kislov, Sergey Aleksandrovi"]
[Result "1/2-1/2"]
[WhiteElo "2014"]
[BlackElo "2245"]
[PlyCount "79"]
[EventDate "2022.06.10"]
[EventType "swiss"]
[EventRounds "9"]
[EventCountry "RUS"]
[SourceTitle "EXT 2023"]
[Source "ChessBase"]
[SourceDate "2022.10.05"]
[SourceVersion "1"]
[SourceVersionDate "2022.10.05"]
[SourceQuality "1"]

1. d4 Nf6 2. c4 e6 3. Nf3 b6 4. e3 Bb7 5. Nc3 Bb4 6. Bd3 0-0 7. 0-0 Bxc3 8. bxc3 d6 9. Nd2 Nbd7 10. a4 a5 11. e4 e5 12. f3 Nh5 13. g3 g6 14. Nb3 Qe7 15. c5 bxc5 16. dxc5 Nxc5 17. Nxc5 dxc5 18. Ba3 Rfd8 19. Qe2 Qg5 20. Kh1 c4 21. Bxc4 Nxg3+ 22. hxg3 Rd2 23. Bc1 Qh5+ 24. Kg2 Rxe2+ 25. Bxe2 g5 26. Rd1 Qg6 27. g4 h5 28. gxh5 Qxh5 29. Rh1 Qg6 30. Rh3 f6 31. Rb1 Bc8 32. Bc4+ Kg7 33. Rg3 Qe8 34. Rb5 Ba6 35. Bxg5 Bxb5 36. Be3+ Kh7 37. Rh3+ Kg6 38. Rg3+ Kh7 39. Rh3+ Kg6 40. Rg3+ 1/2-1/2

[Event "Voronezh Petrovsky op"]
[Site "Voronezh"]
[Date "2022.06.12"]
[Round "3"]
[White "Zisin, Oleg"]
[Black "Kislov, Sergey Aleksandrovi"]
[Result "0-1"]
[WhiteElo "2008"]
[BlackElo "2245"]
[PlyCount "68"]
[EventDate "2022.06.10"]
[EventType "swiss"]
[EventRounds "9"]
[EventCountry "RUS"]
[SourceTitle "EXT 2023"]
[Source "ChessBase"]
[SourceDate "2022.10.05"]
[SourceVersion "1"]
[SourceVersionDate "2022.10.05"]
[SourceQuality "1"]

1. e4 c5 2. Nf3 a6 3. b3 Nf6 4. e5 Nd5 5. g3 g6 6. Bg2 Bg7 7. 0-0 Nc6 8. Bb2 0-0 9. Nc3 Nc7 10. Re1 Rb8 11. Ne4 Ne6 12. Rb1 Qc7 13. Nc3 b5 14. Nd5 Qa7 15. h4 Bb7 16. c4 Rfe8 17. d3 b4 18. h5 a5 19. hxg6 hxg6 20. Qe2 Rbd8 21. Ra1 Qb8 22. Rad1 d6 23. exd6 Qxd6 24. Bh3 Bxb2 25. Qxb2 Ned4 26. Nxd4 Nxd4 27. Bg2 Kg7 28. Re3 e6 29. Rde1 Rh8 30. Nf4 Bxg2 31. Nxg2 Qc6 32. Qa1 Rh3 33. Re4 f6 34. R1e3 g5 0-1

[Event "Voronezh Region-ch"]
[Site "Voronezh"]
[Date "2018.11.28"]
[Round "6"]
[White "Lukovnikov, Alexander"]
[Black "Kislov, Sergey Aleksandrovi"]
[Result "1/2-1/2"]
[WhiteElo "2208"]
[BlackElo "2297"]
[PlyCount "64"]
[EventDate "2018.11.23"]
[EventType "swiss"]
[EventRounds "9"]
[EventCountry "RUS"]
[SourceTitle "CBM 188 Extra"]
[Source "ChessBase"]
[SourceDate "2019.02.26"]
[SourceVersion "1"]
[SourceVersionDate "2019.02.26"]
[SourceQuality "1"]

1. e4 c5 2. Nf3 a6 3. Nc3 d6 4. d4 cxd4 5. Nxd4 Nf6 6. f4 e5 7. Nf3 Nbd7 8. Bd3 b5 9. 0-0 Bb7 10. Qe1 g6 11. Kh1 Bg7 12. fxe5 dxe5 13. Bg5 h6 14. Bh4 0-0 15. Rd1 Qc7 16. Nd5 Nxd5 17. exd5 f5 18. Be7 Rf7 19. d6 Qc6 20. Be2 Bf6 21. c4 Bxe7 22. cxb5 axb5 23. dxe7 Rxe7 24. Qb4 Qc5 25. Qb3+ Kg7 26. Bxb5 Nf6 27. Rc1 Qb6 28. Qb4 Nd5 29. Qb3 Nf6 30. Qb4 Nd5 31. Qb3 Nf6 32. Qb4 Nd5 1/2-1/2

[Event "Voronezh Region-ch"]
[Site "Voronezh"]
[Date "2018.11.26"]
[Round "4"]
[White "Kislov, Sergey Aleksandrovi"]
[Black "Rodin, Dmitrij"]
[Result "1/2-1/2"]
[WhiteElo "2297"]
[BlackElo "2376"]
[PlyCount "100"]
[EventDate "2018.11.23"]
[EventType "swiss"]
[EventRounds "9"]
[EventCountry "RUS"]
[SourceTitle "CBM 188 Extra"]
[Source "ChessBase"]
[SourceDate "2019.02.26"]
[SourceVersion "1"]
[SourceVersionDate "2019.02.26"]
[SourceQuality "1"]

1. e4 c5 2. Nf3 e6 3. d4 cxd4 4. Nxd4 Bc5 5. Nb3 Bb6 6. Nc3 Ne7 7. g3 0-0 8. Bg2 f5 9. exf5 Nxf5 10. 0-0 Nc6 11. Na4 Bc7 12. c4 b6 13. Nc3 Ba6 14. Nb5 Be5 15. a4 Rc8 16. Re1 Bf6 17. Nd2 Bxb5 18. axb5 Na5 19. Ra4 Rc7 20. Qe2 Qc8 21. Qd3 d5 22. b3 Rd8 23. Qb1 dxc4 24. Nxc4 Nxc4 25. bxc4 Rxc4 26. Rxa7 Nd4 27. Be3 Qc5 28. Be4 Qh5 29. Kg2 Rdc8 30. Ra8 Rxa8 31. Bxa8 Nc2 32. Rc1 Nxe3+ 33. fxe3 Qe2+ 34. Kh1 Ra4 35. Be4 g6 36. Qd3 Qxd3 37. Bxd3 Ra3 38. Rd1 Kf7 39. Kg2 Ra2+ 40. Kh3 Bg5 41. e4 Kf6 42. Bc4 Rc2 43. e5+ Ke7 44. Bd3 Rc3 45. Kg4 Bh6 46. Bf1 Bg7 47. Rd6 Rc1 48. Bh3 Bxe5 49. Rxb6 Bd6 50. Rb7+ Rc7 1/2-1/2

[Event "Voronezh Region-ch"]
[Site "Voronezh"]
[Date "2018.11.24"]
[Round "2"]
[White "Eremenko, Vasily"]
[Black "Kislov, Sergey Aleksandrovi"]
[Result "0-1"]
[WhiteElo "1736"]
[BlackElo "2297"]
[PlyCount "24"]
[EventDate "2018.11.23"]
[EventType "swiss"]
[EventRounds "9"]
[EventCountry "RUS"]
[SourceTitle "CBM 188 Extra"]
[Source "ChessBase"]
[SourceDate "2019.02.26"]
[SourceVersion "1"]
[SourceVersionDate "2019.02.26"]
[SourceQuality "1"]

1. e4 c5 2. Nf3 a6 3. d4 cxd4 4. Nxd4 Nf6 5. Nc3 e5 6. Nf3 Bb4 7. Bd3 d5 8. Nd2 Bxc3 9. bxc3 0-0 10. 0-0 Qc7 11. Bb2 Nbd7 12. f3 Qb6+ 0-1

[Event "Zagorovsky Memorial op"]
[Site "Voronezh"]
[Date "2013.06.30"]
[Round "6"]
[White "Kislov, Sergey Aleksandrovi"]
[Black "Moiseenko, Andrey"]
[Result "1-0"]
[WhiteElo "2350"]
[BlackElo "1725"]
[PlyCount "41"]
[EventDate "2013.06.25"]
[EventType "swiss"]
[EventRounds "9"]
[EventCountry "RUS"]
[SourceTitle "EXT 2014"]
[Source "ChessBase"]
[SourceDate "2013.11.20"]
[SourceVersion "1"]
[SourceVersionDate "2013.11.20"]
[SourceQuality "1"]

1. e4 c5 2. Nf3 g6 3. d4 cxd4 4. Nxd4 Nf6 5. Nc3 d6 6. Be3 Bg7 7. f3 0-0 8. Bc4 Nc6 9. Qd2 Bd7 10. h4 Rc8 11. Bb3 Nxd4 12. Bxd4 b5 13. h5 e5 14. Be3 Nxh5 15. g4 Nf4 16. 0-0-0 a5 17. Qh2 h6 18. Rxd6 a4 19. Bxf4 exf4 20. Rxg6 Rc6 21. Qxh6 1-0

[Event "Zagorovsky Memorial op"]
[Site "Voronezh"]
[Date "2013.06.29"]
[Round "5"]
[White "Avtsynov, Artyom"]
[Black "Kislov, Sergey Aleksandrovi"]
[Result "1/2-1/2"]
[WhiteElo "2049"]
[BlackElo "2350"]
[PlyCount "71"]
[EventDate "2013.06.25"]
[EventType "swiss"]
[EventRounds "9"]
[EventCountry "RUS"]
[SourceTitle "EXT 2014"]
[Source "ChessBase"]
[SourceDate "2013.11.20"]
[SourceVersion "1"]
[SourceVersionDate "2013.11.20"]
[SourceQuality "1"]

1. e4 c5 2. c3 Nf6 3. e5 Nd5 4. d4 cxd4 5. Nf3 d6 6. cxd4 Nc6 7. Bc4 Nb6 8. Bb5 d5 9. Nc3 Bf5 10. 0-0 e6 11. Bg5 Qd7 12. Nh4 h6 13. Nxf5 hxg5 14. Ne3 Rc8 15. Rc1 a6 16. Be2 Be7 17. g3 f5 18. exf6 Bxf6 19. Bh5+ Kd8 20. Bg4 Bxd4 21. Re1 Qf7 22. Ncxd5 Nxd5 23. Rxc6 Rxc6 24. Qxd4 Qf6 25. Qd2 Kc7 26. Nxd5+ exd5 27. Qxd5 Rxh2 28. Qd7+ Kb6 29. Bf3 Rh6 30. Bxc6 Qxc6 31. Qd4+ Kc7 32. Re7+ Kc8 33. Qe4 Qc1+ 34. Qe1 Qxe1+ 35. Rxe1 Kd7 36. Re5 1/2-1/2

[Event "Voronezh-ch"]
[Site "Voronezh"]
[Date "2010.03.16"]
[Round "8"]
[White "Kislov, Sergey Aleksandrovi"]
[Black "Sokolovsky, Victor"]
[Result "1-0"]
[WhiteElo "2344"]
[BlackElo "2052"]
[PlyCount "79"]
[EventDate "2010.03.09"]
[EventType "swiss"]
[EventRounds "9"]
[EventCountry "RUS"]
[SourceTitle "CBM 135 Extra"]
[Source "ChessBase"]
[SourceDate "2010.05.04"]
[SourceVersion "1"]
[SourceVersionDate "2010.05.04"]
[SourceQuality "1"]

1. e4 e5 2. Nf3 Nc6 3. Bc4 Nf6 4. d3 Bc5 5. 0-0 d6 6. c3 0-0 7. Re1 Be6 8. Bb5 a6 9. Bxc6 bxc6 10. d4 Bb6 11. Bg5 Re8 12. h3 h6 13. Bh4 Qd7 14. Bxf6 gxf6 15. Nbd2 Bxh3 16. gxh3 Qxh3 17. Nh2 Kh8 18. Qf3 Qh4 19. Nc4 Rg8+ 20. Kh1 exd4 21. Nxb6 cxb6 22. cxd4 Rg6 23. Rg1 Re8 24. Rae1 Kg7 25. Qf5 Rg5 26. Rxg5+ hxg5 27. Kg2 Rh8 28. Nf3 Qh5 29. e5 dxe5 30. dxe5 Qg6 31. exf6+ Qxf6 32. Qxg5+ Qxg5+ 33. Nxg5 Rd8 34. Kf3 c5 35. Ne4 c4 36. Kf4 b5 37. Ke5 Rd3 38. f4 b4 39. Rc1 f6+ 40. Ke6 1-0

[Event "Voronezh-ch"]
[Site "Voronezh"]
[Date "2010.03.11"]
[Round "3"]
[White "Kostin, Alexey"]
[Black "Kislov, Sergey Aleksandrovi"]
[Result "1/2-1/2"]
[WhiteElo "2367"]
[BlackElo "2344"]
[PlyCount "89"]
[EventDate "2010.03.09"]
[EventType "swiss"]
[EventRounds "9"]
[EventCountry "RUS"]
[SourceTitle "CBM 135 Extra"]
[Source "ChessBase"]
[SourceDate "2010.05.04"]
[SourceVersion "1"]
[SourceVersionDate "2010.05.04"]
[SourceQuality "1"]

1. e4 c5 2. Nf3 a6 3. c3 Nf6 4. e5 Nd5 5. d4 cxd4 6. Qxd4 e6 7. Bc4 Nc6 8. Qe4 d6 9. 0-0 dxe5 10. Nxe5 Nxe5 11. Qxe5 Qc7 12. Qe2 Nb6 13. Bb3 Bd6 14. h3 0-0 15. Nd2 Bd7 16. Ne4 Bb5 17. c4 Bxc4 18. Bxc4 Qxc4 19. Qf3 Be5 20. Ng5 Nd5 21. Nxh7 Bxb2 22. Bxb2 Kxh7 23. Rfd1 Qc2 24. Ba3 Kg8 25. Bxf8 Rxf8 26. Qb3 Qc7 27. Rac1 Qd7 28. Rc4 b5 29. Rg4 Qc7 30. Qb2 Qc3 31. Qe2 Rc8 32. Rd3 Nf4 33. Rxf4 Qc1+ 34. Qd1 Qxf4 35. Rd8+ Rxd8 36. Qxd8+ Kh7 37. g3 Qc1+ 38. Kh2 Qc4 39. Qe7 Kg6 40. h4 Qxa2 41. h5+ Kxh5 42. Qh4+ Kg6 43. Qg4+ Kh7 44. Qh4+ Kg6 45. Qg4+ 1/2-1/2

[Event "Dimitrovgrad-ch"]
[Site "Dimitrovgrad"]
[Date "2009.??.??"]
[Round "2"]
[White "Kislov, Sergey Aleksandrovi"]
[Black "Lazarev, Alexander"]
[Result "1-0"]
[WhiteElo "2340"]
[BlackElo "2010"]
[PlyCount "95"]
[EventDate "2009.08.??"]
[EventType "swiss"]
[EventRounds "9"]
[EventCountry "RUS"]
[SourceTitle "EXT 2012"]
[Source "ChessBase"]
[SourceDate "2011.11.24"]
[SourceVersion "1"]
[SourceVersionDate "2011.11.24"]
[SourceQuality "1"]

1. e4 c5 2. Nf3 d6 3. d4 cxd4 4. Qxd4 Nf6 5. Nc3 Nc6 6. Bb5 Bd7 7. Bxc6 Bxc6 8. Bg5 Qb6 9. Bxf6 gxf6 10. Nd5 Qxd4 11. Nxd4 0-0-0 12. 0-0-0 Rg8 13. g3 Rg6 14. h4 h5 15. Kb1 e6 16. Nxc6 bxc6 17. Nf4 Rh6 18. c4 Be7 19. Rhe1 Kc7 20. Re3 Rb8 21. Ra3 Rb7 22. Ra5 c5 23. Rd3 Rh8 24. Rda3 Kb8 25. Kc2 Bd8 26. Ra6 Bb6 27. Rf3 Rd7 28. Raa3 Kb7 29. Rad3 Rh6 30. Rd1 Kc6 31. Rfd3 Bd8 32. Ne2 Rg6 33. f4 Rg4 34. Nc3 a6 35. Rf1 Bc7 36. Rff3 Bd8 37. Nd1 Rg8 38. Ne3 Be7 39. f5 Rb8 40. fxe6 fxe6 41. Ng2 Rg8 42. Nf4 Rh8 43. Nxe6 Rb7 44. Nf4 Kd7 45. Nd5 Ke6 46. Rf5 Bd8 47. Nf4+ Ke7 48. Ng6+ 1-0

[Event "Dimitrovgrad-ch"]
[Site "Dimitrovgrad"]
[Date "2009.??.??"]
[Round "1"]
[White "Sokolovsky, Victor"]
[Black "Kislov, Sergey Aleksandrovi"]
[Result "1/2-1/2"]
[WhiteElo "2060"]
[BlackElo "2340"]
[PlyCount "93"]
[EventDate "2009.08.??"]
[EventType "swiss"]
[EventRounds "9"]
[EventCountry "RUS"]
[SourceTitle "EXT 2012"]
[Source "ChessBase"]
[SourceDate "2011.11.24"]
[SourceVersion "1"]
[SourceVersionDate "2011.11.24"]
[SourceQuality "1"]

1. e4 e6 2. Nf3 d5 3. e5 Bd7 4. c4 Ne7 5. Nc3 Bc6 6. d4 dxc4 7. Bxc4 Nd7 8. Bg5 Nb6 9. b3 h6 10. Bxe7 Bxe7 11. 0-0 Qd7 12. Qd3 0-0-0 13. Rfd1 g5 14. a4 g4 15. Ne1 Nd5 16. Bxd5 Bxd5 17. Nxd5 Qxd5 18. Nc2 h5 19. Ne3 Qd7 20. Rac1 Kb8 21. Qe4 Bg5 22. Rc5 b6 23. Rc4 c5 24. a5 Qb7 25. Qc2 cxd4 26. Rdxd4 b5 27. Rxd8+ Rxd8 28. Rc3 Bxe3 29. Rxe3 Qc6 30. Qb1 Rd2 31. h3 Qd5 32. Qh7 gxh3 33. Qh8+ Qd8 34. Qxd8+ Rxd8 35. Rxh3 Kb7 36. Rxh5 Ka6 37. Rh7 Kxa5 38. Rxf7 Kb4 39. Re7 Kxb3 40. Rxe6 a5 41. f4 a4 42. f5 a3 43. f6 Ra8 44. Rd6 Kc2 45. Rc6+ Kd2 46. Rd6+ Ke2 47. Rc6 1/2-1/2

[Event "Presov op"]
[Site "Presov"]
[Date "1999.??.??"]
[Round "1"]
[White "Molnar, Vojtech"]
[Black "Kislov, Sergey Aleksandrovi"]
[Result "1/2-1/2"]
[WhiteElo "2178"]
[BlackElo "2349"]
[PlyCount "84"]
[EventDate "1999.08.??"]
[EventType "swiss"]
[EventRounds "9"]
[EventCountry "SVK"]
[SourceTitle "EXT 2000"]
[Source "ChessBase"]
[SourceDate "1999.11.16"]
[SourceVersion "1"]
[SourceVersionDate "1999.11.16"]
[SourceQuality "1"]

1. e4 e5 2. Nf3 Nc6 3. Bb5 a6 4. Ba4 d6 5. h3 Bd7 6. c3 Nge7 7. d4 Ng6 8. d5 Nb8 9. Bc2 Be7 10. Be3 0-0 11. g4 c6 12. c4 b5 13. b3 cxd5 14. cxd5 a5 15. Nc3 Na6 16. Bd3 a4 17. Qd2 Nb4 18. 0-0 Nxd3 19. Qxd3 Qa5 20. Rab1 b4 21. Ne2 Bb5 22. Qd2 axb3 23. axb3 Rfc8 24. Rfc1 Bd8 25. Kh2 Qa6 26. Rxc8 Rxc8 27. Nc1 Qa3 28. Ne1 Rc3 29. Nc2 Qa5 30. Rb2 Bb6 31. Ra2 Bxe3 32. fxe3 Qc7 33. Rb2 Nh4 34. Kg3 g5 35. Na2 Rd3 36. Qe1 Qd8 37. Qf2 Rd1 38. Ne1 Kg7 39. Rd2 Rb1 40. Rb2 Rd1 41. Rd2 Rb1 42. Rb2 Rd1 1/2-1/2

[Event "Voronezh op"]
[Site "Voronezh"]
[Date "1998.06.19"]
[Round "8"]
[White "Filippov, Valerij"]
[Black "Kislov, Sergey Aleksandrovi"]
[Result "1-0"]
[WhiteElo "2595"]
[BlackElo "2360"]
[PlyCount "49"]
[EventDate "1998.06.??"]
[EventType "swiss"]
[EventRounds "9"]
[EventCountry "RUS"]
[SourceTitle "EXT 1999"]
[Source "ChessBase"]
[SourceDate "1998.11.16"]
[SourceVersion "1"]
[SourceVersionDate "1998.11.16"]
[SourceQuality "1"]

1. Nf3 Nf6 2. g3 b6 3. Bg2 Bb7 4. 0-0 c5 5. d3 d5 6. Nbd2 e6 7. b3 Be7 8. Bb2 0-0 9. Re1 Nc6 10. e3 b5 11. a4 b4 12. h3 Rc8 13. e4 Ba6 14. Bf1 Qb6 15. exd5 exd5 16. Ne5 Rfe8 17. Ndf3 Nxe5 18. Nxe5 Bd6 19. Ng4 Nd7 20. Nh6+ Kf8 21. Qh5 Re7 22. Bxg7+ Ke8 23. Qxf7+ Kd8 24. Rxe7 Bxe7 25. Re1 1-0

[Event "Voronezh op"]
[Site "Voronezh"]
[Date "1998.06.15"]
[Round "4"]
[White "Sotnikov, Igor"]
[Black "Kislov, Sergey Aleksandrovi"]
[Result "1/2-1/2"]
[WhiteElo "2455"]
[BlackElo "2360"]
[PlyCount "59"]
[EventDate "1998.06.??"]
[EventType "swiss"]
[EventRounds "9"]
[EventCountry "RUS"]
[SourceTitle "EXT 1999"]
[Source "ChessBase"]
[SourceDate "1998.11.16"]
[SourceVersion "1"]
[SourceVersionDate "1998.11.16"]
[SourceQuality "1"]

1. d4 Nf6 2. c4 e6 3. Nc3 Bb4 4. Qc2 c5 5. dxc5 Bxc5 6. Nf3 Qb6 7. e3 Qc7 8. b3 a6 9. Bb2 b6 10. Bd3 Bb7 11. Ne4 Bb4+ 12. Ke2 Be7 13. Nxf6+ Bxf6 14. Bxf6 gxf6 15. Be4 Nc6 16. Qb2 Ke7 17. Rhd1 d6 18. Nd4 Ne5 19. Bxb7 Qxb7 20. f3 Rhg8 21. Kf2 b5 22. cxb5 axb5 23. a3 Rac8 24. Qe2 Rc5 25. Rdc1 Rgc8 26. Rxc5 Rxc5 27. a4 bxa4 28. Rxa4 Nc6 29. Nxc6+ Qxc6 30. Rc4 1/2-1/2

[Event "Zagorovsky Memorial op"]
[Site "Voronezh"]
[Date "1997.??.??"]
[Round "?"]
[White "Kislov, Sergey Aleksandrovi"]
[Black "Anokhine, Alexej"]
[Result "1/2-1/2"]
[WhiteElo "2365"]
[BlackElo "2240"]
[PlyCount "84"]
[EventDate "1997.??.??"]
[EventType "swiss"]
[EventRounds "9"]
[EventCountry "RUS"]
[SourceTitle "EXT 2000"]
[Source "ChessBase"]
[SourceDate "1999.11.16"]
[SourceVersion "1"]
[SourceVersionDate "1999.11.16"]
[SourceQuality "1"]

1. e4 c5 2. Nf3 Nc6 3. c4 e5 4. Nc3 d6 5. d3 f5 6. g3 Nf6 7. Bg2 Be7 8. a3 0-0 9. 0-0 Rb8 10. b4 b6 11. b5 Nd4 12. exf5 Nxf5 13. a4 Nd4 14. Nxd4 exd4 15. Nd5 Bb7 16. Nf4 Bxg2 17. Kxg2 Qd7 18. Re1 d5 19. cxd5 Rfe8 20. Qb3 Kh8 21. h4 Bd6 22. Bd2 Rbc8 23. Ne6 Qb7 24. f3 Qxd5 25. Qxd5 Nxd5 26. a5 h6 27. axb6 axb6 28. Ra7 Ne3+ 29. Bxe3 Rxe6 30. Bd2 Rxe1 31. Bxe1 c4 32. Rd7 Ba3 33. dxc4 Rxc4 34. g4 Bc5 35. Bg3 Rc2+ 36. Kf1 Rc1+ 37. Ke2 Rc3 38. Bd6 Rb3 39. f4 Bxd6 40. Rxd6 Rxb5 41. Rxd4 Rb3 42. f5 Kg8 1/2-1/2

[Event "Zagorovsky Memorial op"]
[Site "Voronezh"]
[Date "1997.??.??"]
[Round "?"]
[White "Petkevich, Jusefs"]
[Black "Kislov, Sergey Aleksandrovi"]
[Result "1-0"]
[WhiteElo "2455"]
[BlackElo "2365"]
[PlyCount "53"]
[EventDate "1997.??.??"]
[EventType "swiss"]
[EventRounds "9"]
[EventCountry "RUS"]
[SourceTitle "EXT 2000"]
[Source "ChessBase"]
[SourceDate "1999.11.16"]
[SourceVersion "1"]
[SourceVersionDate "1999.11.16"]
[SourceQuality "1"]

1. d4 Nf6 2. c4 e6 3. Nc3 Bb4 4. Bg5 h6 5. Bh4 c5 6. d5 0-0 7. Nf3 d6 8. e3 exd5 9. cxd5 Nbd7 10. Be2 Qa5 11. 0-0 Bxc3 12. bxc3 Qxc3 13. Nd2 Nb6 14. a4 Qe5 15. Bf3 Bd7 16. Bg3 Qe7 17. e4 Rfd8 18. Re1 Be8 19. Qb3 Qd7 20. a5 Nc8 21. Nc4 Qb5 22. Qc2 Nh7 23. Bg4 Qa6 24. Be2 b5 25. axb6 Qb7 26. Na5 Qxb6 27. Reb1 1-0

[Event "Pecs op"]
[Site "Pecs"]
[Date "1996.??.??"]
[Round "4"]
[White "Borocz, Istvan"]
[Black "Kislov, Sergey Aleksandrovi"]
[Result "1-0"]
[WhiteElo "2415"]
[BlackElo "2335"]
[PlyCount "67"]
[EventDate "1996.??.??"]
[EventType "swiss"]
[EventRounds "9"]
[EventCountry "HUN"]
[SourceTitle "EXT 2004"]
[Source "ChessBase"]
[SourceDate "2003.11.25"]
[SourceVersion "1"]
[SourceVersionDate "2003.11.25"]
[SourceQuality "1"]

1. e4 c5 2. Nf3 d6 3. d4 cxd4 4. Nxd4 Nf6 5. Nc3 a6 6. Be2 e5 7. Nb3 Be7 8. 0-0 0-0 9. Be3 Be6 10. a4 b6 11. f4 exf4 12. Rxf4 Nbd7 13. Nd4 Ne5 14. Nf5 Bxf5 15. Rxf5 Re8 16. Kh1 g6 17. Rf1 Nfd7 18. Qd2 Qc8 19. Nd5 Bd8 20. Bd3 Qb7 21. Bd4 Kg7 22. Rf3 f6 23. Rh3 Nf7 24. Rf1 b5 25. Qf4 Re6 26. Qh4 h6 27. Nf4 Re8 28. Nxg6 Kxg6 29. e5+ Kg7 30. exf6+ Kf8 31. Qg3 Re5 32. Qg7+ Ke8 33. Bxe5 dxe5 34. Rxh6 1-0

[Event "Harkany Tenkes Cup"]
[Site "Harkany"]
[Date "1996.??.??"]
[Round "2"]
[White "Dusper, Hrvoje"]
[Black "Kislov, Sergey Aleksandrovi"]
[Result "1/2-1/2"]
[WhiteElo "2215"]
[BlackElo "2365"]
[PlyCount "87"]
[EventDate "1996.11.??"]
[EventType "swiss"]
[EventRounds "9"]
[EventCountry "HUN"]
[SourceTitle "EXT 2004"]
[Source "ChessBase"]
[SourceDate "2003.11.25"]
[SourceVersion "1"]
[SourceVersionDate "2003.11.25"]
[SourceQuality "1"]

1. e4 c5 2. Nf3 d6 3. d4 cxd4 4. Nxd4 Nf6 5. Nc3 a6 6. Bg5 e6 7. f4 Bd7 8. Qf3 Nc6 9. Nb3 Be7 10. Bd3 h6 11. Bh4 g5 12. fxg5 Ne5 13. Qe2 Nfg4 14. h3 hxg5 15. Bg3 Qc7 16. 0-0-0 Nxd3+ 17. Qxd3 Ne5 18. Qe2 b5 19. a3 Rc8 20. Nd4 Qa5 21. Be1 Qb6 22. Nf3 Nc4 23. Bf2 Qa5 24. Nb1 Qc7 25. Bd4 e5 26. Bc3 Be6 27. Nfd2 Nb6 28. Nf1 g4 29. Ne3 gxh3 30. Nf5 Bxf5 31. exf5 Bg5+ 32. Nd2 Nd5 33. Kb1 Nxc3+ 34. bxc3 Bxd2 35. Rxd2 h2 36. g4 Qxc3 37. Rxh2 Rxh2 38. Qxh2 Qxa3 39. Qh8+ Kd7 40. Qf6 Qb4+ 41. Kc1 Qa3+ 42. Kd1 Qf3+ 43. Kc1 Qa3+ 44. Kd1 1/2-1/2

[Event "Harkany Tenkes Cup"]
[Site "Harkany"]
[Date "1996.??.??"]
[Round "5"]
[White "Kislov, Sergey Aleksandrovi"]
[Black "Adok, Janos"]
[Result "1-0"]
[WhiteElo "2365"]
[BlackElo "2240"]
[PlyCount "81"]
[EventDate "1996.11.??"]
[EventType "swiss"]
[EventRounds "9"]
[EventCountry "HUN"]
[SourceTitle "EXT 2004"]
[Source "ChessBase"]
[SourceDate "2003.11.25"]
[SourceVersion "1"]
[SourceVersionDate "2003.11.25"]
[SourceQuality "1"]

1. e4 e6 2. d4 d5 3. Nc3 Nf6 4. e5 Nfd7 5. Nf3 c5 6. dxc5 Bxc5 7. Bd3 a6 8. 0-0 Nc6 9. Bf4 b5 10. Re1 Nb6 11. Qe2 Be7 12. a4 b4 13. Nb1 Na5 14. Nbd2 Bb7 15. Nd4 Qd7 16. b3 Nc6 17. N2f3 Nxd4 18. Nxd4 Bc5 19. Be3 Qe7 20. Qg4 Qf8 21. Bg5 Bxd4 22. Qxd4 Nd7 23. a5 Qc5 24. Qg4 d4 25. Qg3 Bc6 26. Bd2 g6 27. Qf4 h6 28. h4 Ra7 29. Qg3 Nb8 30. h5 g5 31. f4 Rg8 32. fxg5 hxg5 33. h6 Qf8 34. h7 Rg7 35. Bxb4 Qh8 36. Bd6 Nd7 37. Qf2 Rxh7 38. Bxh7 Qxh7 39. Rad1 Bd5 40. b4 Bc6 41. Qd2 1-0

[Event "Pecs op"]
[Site "Pecs"]
[Date "1996.??.??"]
[Round "5"]
[White "Kislov, Sergey Aleksandrovi"]
[Black "Buric, Danijel"]
[Result "1-0"]
[WhiteElo "2335"]
[BlackElo "2260"]
[PlyCount "25"]
[EventDate "1996.??.??"]
[EventType "swiss"]
[EventRounds "9"]
[EventCountry "HUN"]
[SourceTitle "EXT 2004"]
[Source "ChessBase"]
[SourceDate "2003.11.25"]
[SourceVersion "1"]
[SourceVersionDate "2003.11.25"]
[SourceQuality "1"]

1. Nf3 f5 2. d3 Nc6 3. c4 Nf6 4. g3 g6 5. Bg2 Bg7 6. 0-0 0-0 7. Nc3 e5 8. Rb1 d5 9. cxd5 Nd4 10. Nxe5 Ng4 11. f4 Nxe5 12. fxe5 Bxe5 13. e3 1-0

[Event "Pecs op"]
[Site "Pecs"]
[Date "1996.??.??"]
[Round "9"]
[White "Kislov, Sergey Aleksandrovi"]
[Black "Izsak, Gyula"]
[Result "0-1"]
[WhiteElo "2335"]
[BlackElo "2435"]
[PlyCount "120"]
[EventDate "1996.??.??"]
[EventType "swiss"]
[EventRounds "9"]
[EventCountry "HUN"]
[SourceTitle "EXT 2004"]
[Source "ChessBase"]
[SourceDate "2003.11.25"]
[SourceVersion "1"]
[SourceVersionDate "2003.11.25"]
[SourceQuality "1"]

1. Nf3 d5 2. b3 c5 3. Bb2 Nc6 4. e3 a6 5. d4 cxd4 6. exd4 Bg4 7. Be2 e6 8. 0-0 Bd6 9. Nbd2 Nge7 10. h3 Bh5 11. Ne5 Bxe2 12. Qxe2 0-0 13. c4 dxc4 14. bxc4 Bxe5 15. dxe5 Nf5 16. Nf3 Qa5 17. g4 Nfe7 18. a4 Ng6 19. Qe4 Rfd8 20. h4 Nf8 21. h5 h6 22. Ba3 Nh7 23. Bd6 f6 24. c5 fxe5 25. Nxe5 Rxd6 26. cxd6 Qxe5 27. Qxe5 Nxe5 28. f3 Nc4 29. Rfb1 Ng5 30. Rxb7 Nxf3+ 31. Kg2 Nfe5 32. d7 Rd8 33. a5 Rxd7 34. Rxd7 Nxd7 35. Kg3 Kf7 36. Rb1 Nxa5 37. Ra1 Nc6 38. Rxa6 Nce5 39. Kf4 Kf6 40. Ra5 Nf7 41. Ra6 Nc5 42. Rc6 Nd3+ 43. Kg3 Nb4 44. Rb6 Nd5 45. Rb3 Ng5 46. Rb8 Nc3 47. Rf8+ Ke7 48. Rg8 Kf7 49. Rc8 Ne2+ 50. Kf2 Nf4 51. Kg3 e5 52. Ra8 Nd3 53. Ra3 e4 54. Kg2 Kf6 55. Ra5 Ke6 56. Ra7 e3 57. Kf1 Nf4 58. Ra3 e2+ 59. Kf2 Ne4+ 60. Ke1 Nc5 0-1

[Event "Moravia-ch op"]
[Site "Moravia"]
[Date "1996.??.??"]
[Round "?"]
[White "Kislov, Sergey Aleksandrovi"]
[Black "Krivolapov, Konstantin"]
[Result "1-0"]
[WhiteElo "2335"]
[BlackElo "2320"]
[PlyCount "53"]
[EventDate "1996.??.??"]
[EventType "swiss"]
[EventRounds "9"]
[EventCountry "CZE"]
[SourceTitle "EXT 1998"]
[Source "ChessBase"]
[SourceDate "1997.11.17"]
[SourceVersion "1"]
[SourceVersionDate "1997.11.17"]
[SourceQuality "1"]

1. Nf3 f5 2. d3 Nf6 3. e4 d6 4. exf5 Bxf5 5. d4 c5 6. Nc3 Nc6 7. Bb5 Qa5 8. 0-0 0-0-0 9. Bxc6 bxc6 10. dxc5 e5 11. Qe2 Qc7 12. Re1 Kb7 13. b4 dxc5 14. bxc5 Bxc5 15. Nxe5 Nd5 16. Nxd5 Rxd5 17. Nc4 Bg6 18. Rb1+ Ka8 19. Be3 Re8 20. Rb3 Qf4 21. Reb1 Bxe3 22. Rxe3 Rxe3 23. Nb6+ axb6 24. Qa6+ Kb8 25. Qxb6+ Kc8 26. Qxc6+ Qc7 27. Qa8+ 1-0